000 00786nam a2200205Ia 4500
003 GCL
008 140319s9999 xx 000 0 ara d
040 _aGCL /
_cGCL
082 0 4 _a792.9
_bم و
245 1 0 _aمارون نقاش : ارزة لبنان :
_bمسرحيات البخيل - ابوالحسن المغفل - السليط الحسود
260 _aالقاهرة :
_bالمركز القومى للمسرح والموسيقى ،
_c1996
300 _a312 ص ؛
_c24 سم
490 _aسلسلة تراث المسرح المصرى
_v2
650 0 4 _aالمسرح
650 0 4 _aالكتاب المسرحيين
650 0 4 _aالمسرحيات العربية
650 0 4 _aالمسرحيات - لبنان
650 0 4 _aمارون نقاش ( 1817 - 1855 )
942 _2ddc
_cBK
999 _c30715
_d30715